000 00644nam a2200253Ia 4500
003 OSt
005 20220918163201.0
006 a|||||r|||| 00| 0
007 ta
008 220917b |||||||| |||| 00| 0 eng d
020 _a0 09 211050 4
024 _a30,722
037 _cTextual
040 _aARTS
_cARTS
_beng
041 _2eng
_aeng
082 _aO111, 3M89w,1, L2
100 _aSpring H
_911802
245 0 _aAutobiography
260 _aLondon
_bCollins UK
_c1972
300 _a413p.
_ccm.
650 _aENGLISH LITERATURE
942 _hO111, 3M89w,1, L2
_cTEXL
_2CC
999 _c118261
_d118261